| 000 | 00394nam a2200157Ia 4500 | ||
|---|---|---|---|
| 008 | 230524s9999 xx 000 0 und d | ||
| 082 |
_a330 _bDHI |
||
| 100 | _aIshwar C.Dhingra | ||
| 245 | 4 | _aThe Indian Economy : Environment And Policy | |
| 250 | _aIST | ||
| 260 |
_aNEW DELHI _bS.Chand _c2007 |
||
| 300 | _aXVIII;813 | ||
| 500 | _aQuantity Number: 2 | ||
| 650 | _aEconomics | ||
| 942 | _cBK | ||
| 999 |
_c40724 _d40724 |
||